000 00732nam a2200193Ii 4500
003 JO-AjNU
008 230605s9999||||xx |||||||||||||| ||und||
040 _aJO-AjNU
_bara
_erda
_cJO-AjNU
041 _aara
050 1 4 _aPQ9697.S2.R812 1990
100 3 _aسابينو، فرناندو ؛ عوني الديري,
_eauthor
_938202
245 0 0 _aرقعة الشطرنج والرجل العاري: سيرة ومجموعة قصص
264 3 1 _aبغداد: شركة المعرفة للنشر والتوزيع المحدودة، 1990
300 _a149ص
336 _atext
_btxt
_2rdacontent
337 _aunmediated
_bn
_2rdamedia
338 _avolume
_bnc
_2rdacarrier
650 4 _aالأدب العربي - ترجمة - قصص
_938203
999 _aA16030
_c19598
_d19598